Ousmane Sembène : interviews /

Although the Senegalese filmmaker Sembène (1923-2007) was considered one of the world's leading directors, his work was largely unknown beyond rarefied cinephile circles. Often called "the Father of African film," he was a prominent novelist before turning to cinema in 1963 as the bes...

Full description

Saved in:
Bibliographic Details
Other Authors: Busch, Annett., Annas, Max.
Format: Book
Language:English
Published: Jackson : University of Mississippi, c2008.
Series:Conversations with filmmakers series.
Subjects:
Tags: Add Tag
No Tags, Be the first to tag this record!
LEADER 04005cam a22003497a 4500
001 011551903-3
005 20080820145753.0
008 071114s2008 msu q s001 0deng
010 |a  2007046866 
020 |a 9781934110850 (cloth : alk. paper) 
020 |a 9781934110867 (pbk. : alk. paper) 
035 0 |a ocn181424139 
040 |a DLC  |c DLC  |d BAKER  |d BTCTA  |d YDXCP  |d OCLCG  |d C#P  |d BWX  |d CDX  |d DLC 
043 |a f-sg--- 
050 0 0 |a PN1998.3.S397  |b A3 2008 
082 0 0 |a 791.4302/33092  |2 22 
245 0 0 |a Ousmane Sembène :  |b interviews /  |c edited by Annett Busch and Max Annas. 
260 |a Jackson :  |b University of Mississippi,  |c c2008. 
300 |a xxx, 225 p. ;  |c 24 cm. 
490 1 |a Conversations with filmmakers series 
500 |a Includes index. 
504 |a Includes filmography: p. [xxv]-xxx. 
505 0 |a A historic confrontation in 1965 between Jean Rouch and Ousmane Sembène : "You look at us as if we were insects" / Albert Cervoni -- Ousmane Sembène : for me, the cinema is an instrument of political action, but ... / Guy Hennebelle -- We are governed in Black Africa by colonialism's disabled children / Guy Hennebelle -- Filmmakers have a great responsibility to our people / Harold D. Weaver -- Ousmane Sembène interviewed in Munich / Marie Kadour -- Ousmane Sembène : an interview / Gerald Peary and Patrick McGilligan -- African cinema is not a cinema of folklore / Siradiou Diallo -- Interview with Ousmane Sembène / Michael Dembrow and Klaus Troller -- Interview with Ousmane Sembène / Noureddine Ghali -- Sembène Ousmane in Kinshasa / Pierre Haffner -- Interview with Ousmane Sembène / Rolf Richter -- Interview with Ousmane Sembène / Ulrich Gregor -- In the name of tolerance : a meeting with Ousmane Sembène / Josie Fanon -- Samori : the last grand oeuvre of Sembène Ousmane / Alioune Touré Dia -- I am tired, my desire is to leave / Meissa Diop -- The language of real life / Kwate Nee Owoo -- If I were a woman, I'd never marry an African / Fírinne Ní Chréacháin -- Ousmane Sembéne / James A. Jones -- Interview with Ousmane Sembène / Françoise Pfaff -- Interview with Ousmane Sembene about Guelwaar / Bernd Wolpert -- Ousmane Sembène / David Murphy -- Still the fire in the belly : the confessions of Ousmane Sembène / Mamadou Niang -- Interview with Ousmane Sembène / Samba Gadjigo -- The power of female solidarity : an interview with Ousmane Sembène / Jared Rapfogel and Richard Porton -- Ousmane Sembène / Bonnie Greer. 
520 |a Although the Senegalese filmmaker Sembène (1923-2007) was considered one of the world's leading directors, his work was largely unknown beyond rarefied cinephile circles. Often called "the Father of African film," he was a prominent novelist before turning to cinema in 1963 as the best way, considering the widespread prevalence of illiteracy on the continent, to reach a broad African audience. His 1968 first feature, Mandabi, was the first African film to be theatrically exhibited in America, and such subsequent works as Xala (based on his 1973 novel), Guelwaar, and Moolaad drew worldwide acclaim for their hard-eyed looks at political corruption, Christian-Muslim conflict, and the treatment of women. The 25 interviews collected here, conducted between 1965 and 2005, are drawn from a wide-ranging variety of sources, including English-language film magazines and newspapers, African literary journals, monographs, and Web sites. They offer invaluable insight into the work of this critically important but largely unfamiliar figure, although they tend to focus on political and cultural issues at the expense of Sembène's cinematic approaches to them. Copyright 2008 Booklist Reviews. 
600 1 0 |a Sembène, Ousmane,  |d 1923-2007  |v Interviews. 
650 0 |a Motion picture producers and directors  |z Senegal  |v Interviews. 
655 7 |a Interviews.  |2 fast 
700 1 |a Busch, Annett. 
700 1 |a Annas, Max. 
830 0 |a Conversations with filmmakers series. 
988 |a 20080903 
906 |0 DLC